Pays frontaliers - Mort subite - Statistiques

Statistiques générales
  • Ce quiz a été pris 472 fois
  • Le résultat moyen est 11 sur 37
Answers on the Grid
Answers color-coded by a green-red scale on the quiz's grid according to % correct below.
Mauritanie
Chypre
Niger
Tchad
Suisse
Sénégal
Canada
Australie
Lesotho
Portugal
Corée du Sud
Cuba
Sierra Leone
Serbie
Macédoine du Nord
Paraguay
Afghanistan
Koweït
Malaisie
Algérie
Pakistan
Chine
Népal
Antigua-et-Barbuda
Espagne
Vatican
Yémen
Gabon
Argentina
Malte
Haiti
Gambie
Seychelles
Soudan du Sud
Tuvalu
République dominicaine
Ouzbékistan
Rwanda
Ouganda
Liban
Moldavie
Pérou
Royaume-Uni
Burkina Faso
Émirats arabes unis
Namibie
Costa Rica
Barbade
Hongrie
Autriche
Botswana
Zimbabwe
Viêt Nam
Saint-Marin
Tchéquie
Inde
Nouvelle-Zélande
Îles Marshall
France
Slovaquie
Suriname
Mexique
Biélorussie
Turquie
Eswatini
Somalie
Georgie
Russie
Pologne
Lettonie
Albanie
Belgique
Norvège
Andorre
Guinée
Belize
Irlande
Sri Lanka
Papouasie-Nouvelle-Guinée
Zambie
Guatemala
Équateur
Timor oriental
Liechtenstein
Cambodge
Salvador
Islande
Indonésie
Italie
Laos
Suède
Luxembourg
Égypte
Érythrée
Qatar
Tunisie
Israël
Jordanie
Irak
Allemagne
 
Statistiques - réponses
Réponse % Correct
Mauritanie
56%
Niger
50%
Chine
49%
Tchad
49%
Sénégal
45%
Russie
43%
Népal
40%
Autriche
37%
Ouganda
36%
Serbie
35%
Biélorussie
33%
Hongrie
33%
Jordanie
33%
Macédoine du Nord
33%
Pologne
32%
Rwanda
32%
Botswana
30%
Tchéquie
30%
Georgie
28%
République dominicaine
27%
Haiti
26%
Israël
25%
Pakistan
25%
Slovaquie
25%
Namibie
24%
Zimbabwe
23%
Guatemala
22%
Afghanistan
21%
Norvège
21%
Cambodge
20%
Indonésie
19%
Laos
19%
Soudan du Sud
19%
Salvador
18%
Timor oriental
18%
Belize
15%
Irak
15%
Aucun quiz correspondant
Distribution des résultats
% des personnes avec chaque résultat
Percentile par nombre de réponses
Votre historique - résultats
Vous n’avez pas pris ce quiz